Вътрешна картина на болестите и иатрогенни заболявания (Запис номер 415431)
[ съкратено ]
| 000 -Лидер | |
|---|---|
| Контролно поле с фиксирана дължина | nam a22 a 4500 |
| 003 - Код на организацията, давaща контролен номер | |
| Контролно поле | BLK |
| 005 - Дата и час на последна редакция | |
| Контролно поле | 20210520211950.0 |
| 008 - Елементи от данни с фиксирана дължина | |
| fixed length control field | 210520b bu |||||r|||| 00| | bu d |
| 040 ## - Източник на каталожния запис | |
| Идентификатор на билиотеката - собственик на записа | BLK |
| 041 ## - Код за език | |
| Код за езика на текст/звукозапис или на отделно заглавие | Български |
| Код за езика КДБФ | Български |
| 080 ## - УДК | |
| Текстов определител УДК | Клинично изследване. Клинична диагностика. Ирисодиагностика. - Анамнеза, преглед, клинична топография(измервания на тялото и главата)-цифрови индекси, гониометрия, антропометрия, палпация, перкусия, |
| УДК код - определител по УДК | 616-071 |
| УДК - код + определител | 616-071 |
| 100 ## - Редна дума - Автор | |
| R(LIN) | 325111 |
| Автор | Лурия, Александър Романович |
| Авторска отговорност | първи автор |
| 139 ## - Редно поле | |
| Редна дума | Лурия, Александър Романович |
| 245 ## - Сведения за заглавието | |
| Заглавие | Вътрешна картина на болестите и иатрогенни заболявания |
| Подзаглавни данни | Прев. от рус. Н. Г. Попов |
| Редно поле (дума) | А. Р. Лурия |
| 260 ## - Област на издателските данни | |
| 9 (RLIN) | 210071 |
| Място на издаване, разпространение и проч. | София |
| Име на издателя, разпространителя и проч. | Лекопиздат |
| Година на издаване | 1948 |
| Издателство - префикс ISBN | 954-90615- ; 954-90844- ; 954-8765- |
| 300 ## - Физическа характеристика | |
| Страници | 92 с. |
| Размери/Мащаб | 23 см |
| 380 ## - Жанр | |
| Жанр | Медицина |
| 500 ## - Общи забележки | |
| Забележка | 2 000 тир. |
| 650 #7 - Допълнително описание по предмет – тема | |
| 9 (RLIN) | 153343 |
| Основно описание – тема или топоним | Диагностика |
| 700 ## - Други автори (авторска отговорност) | |
| 9 (RLIN) | 1121 |
| Лично име | Попов, Н. Г. |
| Автороска отговорност (Описва отношението между автора и произведението) | прев. от рус. |
| 700 ## - Други автори (авторска отговорност) | |
| 9 (RLIN) | 871 |
| Лично име | Пенчев, Ив. |
| Автороска отговорност (Описва отношението между автора и произведението) | под ред. на |
| 852 ## - Местоположение | |
| Форматна сигнатура | Цб 6.230.29961 |
| Фондова буква | Хранилище |
| 999 ## - СИСТЕМНИ КОНТРОЛНИ НОМЕРА | |
| Koha biblionumber | 415431 |
| Koha biblioitemnumber | 415431 |
| 942 ## - АРТИКУЛИ | |
| Вид на библиотечния материал | Книги |
| Скрит в OPAC | Не |
| Периодичен библиозапис | Да |
| 944 ## - СЪЗДАВАНЕ И РЕДАКЦИЯ на ЗАПИСА | |
| Създаване/Редакция | Създаване |
| Дата на регистрацията/редакция | 2021-05-20 |
| Служител, извършил регистрацията/редакцията | А.М. |
| 999 ## - СИСТЕМНИ КОНТРОЛНИ НОМЕРА | |
| Koha biblioitemnumber | 415431 |
| Код за отписване | Код за изгубен артикул | Източник на класификационната схема | Код за повреда | Коз за рестрикции | Код за отдаване | Артикулен № | Име на библиотеката - собственик | Име на библиотеката, в която се намира в момента | Статус (Текущо местоположение) | Дата на вписване в системата | Местоположение - отдел | Цена в лева | Инвентарен номер | Систематично азбучна сигнатура | Баркод | Цена в евро | Служебен тип на артикула |
|---|---|---|---|---|---|---|---|---|---|---|---|---|---|---|---|---|---|
| Не е изгубен | Universal Decimal Classification | Не е повреден | само за читалня | ползва се в читалня | 832597 | Регионална библиотека "Любен Каравелов" Русе | Регионална библиотека "Любен Каравелов" Русе | Хранилище | 2021-05-27 | Основен фонд - ползва се само за читалня | 0.16 | 29961 | Цб 6.230.29961 | 900000061242 | 0.08 | Книги |